MARC

LEADER 00000nas a2200000 a 4500
001 ssj0000492644
003 WaSeSS
005 20200512172242.0
006 m d
007 cr n
008 100325d19992004nr fr p s 0 0eng c
010 |a  2011261062 
016 7 |a 2537074-1  |2 DE-600 
022 |y 1595-0956 
035 |a (WaSeSS)ssj0000492644 
040 |a OCLCS  |b eng  |c OCLCS  |d HEBIS  |d OCLCQ  |d HNK  |d OCLCQ  |d OCLCF  |d OCLCO  |d OCL  |d OCLCO  |d OCLCQ  |d WaSeSS 
042 |a pcc 
043 |a f------ 
050 1 4 |a DT30.5  |b .J67 
245 0 0 |a Journal of cultural studies  |h [electronic resource]. 
260 |a Ago-Iwoye, Nigeria :  |b Nigerian Group for the Study of African Cultures 
310 |a Two issues a year,  |b 2001-2004 
321 |a Annual,  |b 1999-2000 
362 1 |a Began with v. 1, no. 1 (1999); ceased with v. 6, no. 2 (2004). 
500 |a Some issues focus on a specific theme, and have a distinctive theme title. 
506 |a License restrictions may limit access. 
515 |a Only one issue published in 2002. 
550 |a Published by: African Cultural Initiatives, <2001-> 
588 |a Description based on: Vol. 1, no. 1 (1999); title from title information screen (ProQuest, viewed May 30, 2011). 
588 |a Latest issue consulted: Vol. 6, no. 2 (2004) (ProQuest, viewed May 30, 2011). 
648 7 |a Since 1960  |2 fast 
650 0 |a Political culture  |z Africa  |v Periodicals. 
650 0 |a Ethnicity  |z Africa  |v Periodicals. 
650 7 |a Civilization.  |2 fast  |0 (OCoLC)fst00862898 
650 7 |a Ethnic relations  |x Political aspects.  |2 fast  |0 (OCoLC)fst00916013 
650 7 |a Ethnicity.  |2 fast  |0 (OCoLC)fst00916034 
650 7 |a Political culture.  |2 fast  |0 (OCoLC)fst01069263 
650 7 |a Politics and government  |2 fast  |0 (OCoLC)fst01919741 
651 0 |a Africa  |x Politics and government  |y 1960-  |v Periodicals. 
651 0 |a Africa  |x Civilization  |v Periodicals. 
651 0 |a Africa  |x Ethnic relations  |x Political aspects  |v Periodicals. 
651 7 |a Africa.  |2 fast  |0 (OCoLC)fst01239509 
655 0 |a Electronic journals. 
710 2 |a Nigerian Group for the Study of African Cultures. 
710 2 |a African Cultural Initiatives (Organization) 
776 0 8 |i Print version:  |t Journal of cultural studies  |x 1595-0956  |w (DLC) 2002201093  |w (OCoLC)48909165 
785 0 0 |t Culture today  |w (DLC) 2011261061  |w (OCoLC)706777103 
856 4 0 |z Full text available from Research Library: 01/01/1999 to 01/31/2010  |u https://search.proquest.com/publication/54238